000
00325nam a22001337a 4500
008
171005b xxu||||| |||| 00| 0 eng d
020
_a
070251487
041
_a
eng
080
_2
5TH
_a
519.9
100
_a
48
101
_a
PSI
245
_a
FUNDAMENTAL STATISTICS IN PSYCHOLOGY AND EDUCATION
_c
GUILFORD,J,P
942
_2
udc
_c
BK
999
_c
31845
_d
31845